00000000cam 2200000zi 4500
0019.957949
003CaOODSP
00520260604151339
006m     o  d f      
007cr bn|||||||||
008251203t20252025onc     o    f000 0 eng d
020 |a9780660975597
040 |aCaOODSP|beng|erda|cCaOODSP
043 |an-cn---
0861 |aBT42-402/2026E-PDF
24500|aAir Traffic Control (AI) agreement between the Treasury Board and the Canadian Air Traffic Control Association (CATCA) Unifor Local 5454 : |bgroup: air traffic control (all employees).
264 1|aOttawa, Ontario : |bTreasury Board of Canada Secretariat = Secrétariat du Conseil du trésor du Canada, |c2025.
264 4|c©2025
300 |a1 online resource (79 pages)
336 |atext|btxt|2rdacontent
337 |acomputer|bc|2rdamedia
338 |aonline resource|bcr|2rdacarrier
500 |aIssued also in French under title: Contrôle de la circulation aérienne (AI) convention entre le Conseil du Trésor et l’Association canadienne du contrôle du trafic aérien (ACCTA) Unifor, section locale 5454 : groupe : contrôle de la circulation aérienne.
500 |aCover title.
500 |a"Code: 402."
500 |a"Expiry date: June 30, 2026."
500 |a"Published: 2025-12-15."
650 0|aCollective labor agreements|xGovernment employees|zCanada.
7101 |aCanada. |bTreasury Board, |eissuing body.
77508|tContrôle de la circulation aérienne (AI) convention entre le Conseil du Trésor et l’Association canadienne du contrôle du trafic aérien (ACCTA) Unifor, section locale 5454 : |w(CaOODSP)9.957950
795 |tAgreement Between the Treasury Board and the Canadian Air Traffic Control Association (CATCA) Unifor local 5454 : |w(CaOODSP)9.880864
85640|qPDF|s1.17 MB|uhttps://publications.gc.ca/collections/collection_2026/sct-tbs/BT42-402-2026-eng.pdf
8564 |qHTML|sN/A|uhttps://www.canada.ca/en/treasury-board-secretariat/topics/pay/collective-agreements/ai.html